LIBRARY ONLINE CATALOGUE

Information protection playbook (Record no. 20307)

MARC details
000 -LEADER
fixed length control field 00348nam a22001217a 4500
008 - FIXED-LENGTH DATA ELEMENTS--GENERAL INFORMATION
fixed length control field 230919b |||||||| |||| 00| 0 eng d
020 ## - INTERNATIONAL STANDARD BOOK NUMBER
International Standard Book Number 978-0124172326
050 ## - LIBRARY OF CONGRESS CALL NUMBER
Classification number HD61
Item number .I54 2013
245 ## - TITLE STATEMENT
Title Information protection playbook
Statement of responsibility, etc. Edited by Greg Kane & Lorna Koppel
260 ## - PUBLICATION, DISTRIBUTION, ETC. (IMPRINT)
Place of publication, distribution, etc. London
Name of publisher, distributor, etc. Elservier
Date of publication, distribution, etc. 2013
300 ## - PHYSICAL DESCRIPTION
Extent xviii,110p.
942 ## - ADDED ENTRY ELEMENTS (KOHA)
Source of classification or shelving scheme Library of Congress Classification
Koha item type General Collection
Holdings
Withdrawn status Lost status Source of classification or shelving scheme Not for loan Home library Current library Date acquired Cost, normal purchase price Inventory number Total Checkouts Full call number Barcode Date last seen Copy number Price effective from Koha item type
    Library of Congress Classification   Kabarak, Main Campus Kabarak, Main Campus 19/09/2023 34367.00 0619/2020   HD61 .I54 2013 C.1 028581 02/08/2024 C.1 19/09/2023 General Collection